Statistics for Famous Boats (Level 1)

Click here to take the quiz!

General Stats

  • This quiz has been taken 42 times
  • The average score is 5 of 12

Answer Stats

HintAnswer% Correct
Hit an Iceberg and sank.Titanic
97%
Brought Pilgrims to America in the early 17th CenturyMayflower
78%
Darwin's ShipBeagle
56%
A German Battleship that spawned a hunt, and a movie titled "Sink the _____"Bismarck
56%
Admiral Nelson's Flagship at TrafalgarHMS Victory
39%
A Flagship destroyed on "A day that will live in infamy"USS Arizona
39%
Ship that the Japanese surrendered aboard in WWIIUSS Missouri
39%
"Ghost ship" Found Deserted in 1872Mary Celeste
36%
A Rebellion aboard this ship far predated but foreshadowed the Russian RevolutionPotemkin
28%
Sunk in Havana Harbour in 1898USS Maine
25%
Sunk in combat by BismarckHMS Hood
22%
Known as "Old Ironsides"USS Constitution
22%

Score Distribution

Percentile by Number Answered

Percent of People with Each Score

Your Score History

You have not taken this quiz